00557nam a2200205Ia 450000500170000000800410001704000190005804100120007708200190008910000200010824500270012826000260015530000110018144000270019250400410021965000190026065100330027970000290031285000100034120230113095109.0131103s9999 xx 000 0 und d aLoreto College aEnglish a821.4bMIL-TIL aTillyard,E.M.W. aMiltoncE.M.W.Tillyard aLondonbLongmanc1962 a52 p.  aBibliographical series aIncludes bibliographical references  aEnglish Poetry a17th century - Poet - Milton aDobree;Bonamy,series ed. aLCLIB